Historyczne flagi - Statystyki

Ogólne statystyki
  • Ten quiz został rozwiązany 27 razy
  • Średni wynik to 2 z 12
Statystyki odpowiedzi
Obrazkowy Odpowiedź % Poprawnych
Somaliland
74%
Rzeczpospolita Krakowska
53%
Litwa Środkowa
26%
Machnowszczyzna
16%
Rząd Ocalenia Narodowego
16%
Galicyjska Socjalistyczna Republika Rad
11%
Księstwo Kurlandii Semigalii i Piltynia
11%
Tymczasowy Rząd Syberyjski
11%
Zachodnia armia ochotnicza
11%
Komisja Rządu Tymczasowego Wielkiego Księstwa Litewskiego
5%
Mołdawska Republika Demokratyczna
5%
Tymczasowy Rząd Republiki Rusi Podkarpackiej
5%
Nie znaleziono quizów pasujących do podanych kryteriów
Rozkład punktacji
Procent ludzi z każdym wynikiem
Percentyl według liczby udzielonych odpowiedzi
Twoja historia wyników
Nie rozwiązałeś tego quizu